[Event "Perth op"]
[Site "Perth"]
[Date "2023.01.06"]
[Round "7"]
[White "Baneshi, Kiamehr"]
[Black "Laubbacher, Jamie"]
[Result "1-0"]
[WhiteElo "1671"]
[BlackElo "1797"]
[PlyCount "79"]
[EventDate "2023.01.02"]
[EventType "swiss"]
[EventRounds "11"]
[EventCountry "AUS"]
[SourceTitle "CBM 212 Extra"]
[Source "ChessBase"]
[SourceDate "2023.03.31"]
[SourceVersion "1"]
[SourceVersionDate "2023.03.31"]
[SourceQuality "1"]

1. e4 c5 2. Nf3 Nc6 3. Bb5 e6 4. 0-0 Nge7 5. b3 a6 6. Bxc6 Nxc6 7. Bb2 d6 8. d4 cxd4 9. Nxd4 e5 10. Ne2 Be7 11. Nbc3 0-0 12. f4 f5 13. Kh1 Be6 14. exf5 Rxf5 15. Nd5 Kh8 16. Ng3 Rf8 17. Nxe7 Qxe7 18. Ba3 exf4 19. Bxd6 Qh4 20. Qh5 Qxh5 21. Nxh5 g5 22. Bxf8 Rxf8 23. Ng3 Re8 24. Ne4 Nd4 25. Nxg5 Nxc2 26. Rac1 Ne3 27. Rxf4 Bd5 28. Nf3 Bc6 29. Re1 Kg7 30. Kg1 Nd5 31. Rg4+ Kf6 32. Rxe8 Bxe8 33. Re4 Bc6 34. Re1 Nc3 35. a4 Bd5 36. Nd2 h5 37. Re3 Na2 38. Ne4+ Ke5 39. Nc3+ Kd4 40. Nxd5 1-0